• 首页
  • 本馆介绍
  • 公告通知
  • 最新文献
  • 馆藏检索
  • 电子资源
  • 读者导购
  • 参考咨询
  • 我的图书馆
  • 登录
  • 详细信息显示
  • 放入我的书架
  • 预约/预借图书
  • 作者相关作品
  • 分类相关作品
  • 丛书相关作品
  • 出版社相关作品

书目信息

  • 表格格式
  • 工作单格式
  • 卡片格式
题名:
工程流体力学
    
 
作者: 王保国 编著
分册: 上册  
出版信息: 北京   科学出版社  2011.07
页数: 300页
开本: 26cm
丛书名:
单 册:
中图分类: TB126
科图分类:
主题词: 工程力学--流体力学--高等教育--教材 , 工程力学 , 流体力学
电子资源:
ISBN: 978-7-03-032036-0
000 00899nam0 2200277 450
001 010020002618
005 20130427084757.17
010    @a978-7-03-032036-0@dCNY38.00
100    @a20110929d2011 em y0chiy50 ea
101 0  @achi
102    @aCN@b110000
105    @aak z 000yy
106    @ar
200 1  @a工程流体力学@9gong cheng liu ti li xue@h上册@f王保国[等]编著
210    @a北京@c科学出版社@d2011.07
215    @a300页@c图@d26cm
300    @a普通高等教育机械类国家级特色专业系列规划教材
304    @a编著还有:蒋洪德,马晖扬,司鹄
330    @a本书上册包括前三篇,主要讲述流体力学的基本方程与重要定理、流体的不可压缩流动、可压缩无黏流体的流动。
606 0  @a工程力学@x流体力学@x高等教育@j教材
606 0  @a工程力学
606 0  @a流体力学
690    @aTB126@v4
701  0 @a王保国@9wang bao guo@4编著
801  0 @aCN@bRENTIAN@c20110929
905    @b542435-38@dTB126@e149:1@f4
    
    工程流体力学.上册/王保国[等]编著.-北京:科学出版社,2011.07
    300页:图;26cm
    普通高等教育机械类国家级特色专业系列规划教材
    
    ISBN 978-7-03-032036-0:CNY38.00
    本书上册包括前三篇,主要讲述流体力学的基本方程与重要定理、流体的不可压缩流动、可压缩无黏流体的流动。
●
相关链接 在E读中查询图书 在五车中查询图书 在当当中查询图书 在豆瓣中查询图书


正题名:工程流体力学     索取号:TB126/149:1         预约/预借

序号 登录号 条形码 馆藏地/架位号 状态 备注
1 542435   205424352   第二样本阅览室/ [索取号:TB126/149:1] 在馆    
2 542436   205424361   第三借阅区/ [索取号:TB126/149:1] 在馆    
3 542437   205424370   第三借阅区/ [索取号:TB126/149:1] 在馆    
4 542438   205424389   第三借阅区/ [索取号:TB126/149:1] 在馆    
唐山师范学院图书馆 欢迎您!
大连网信软件有限公司© 版权所有